EMF: Albums by Cover - Statistics

General Stats
  • This quiz has been taken 3 times
  • The average score is 4 of 5
Answer Stats
Picture Hint Answer % Correct
1995 Cha Cha Cha
100%
2022 Go Go Sapiens
100%
1992 Stigma
67%
2024 The Beauty and the Chaos
67%
1991 Schubert Dip
33%
No matching quizzes found
Score Distribution
Percent of People with Each Score
Percentile by Number Answered
Your Score History
You have not taken this quiz